000 00698nam a2200229 i 4500
008
049 _aMAIN
090 _aTS1449
_bMUR
100 1 _aMurphy, T.
245 1 0 _aStatistical methods for textile technologists /
_cT. Murphy, K. P. Norris, L. H. C. Tippett.
260 _aManchester :
_bThe Textile Institute,
_c1960.
300 _a107 p. ;
_c22 cm.
500 _aIncludes index.
650 0 _aTextile industry
_xStatistical methods.
700 1 _aNorris, K. P.
700 1 _aTippett, Leonard Henry Caleb.
907 _a.b10211093
_b06-10-15
_c22-08-06
003
005 20230123134236.0
040 _cNUST
942 _cBOOKS
_kTS1449
_mMUR
999 _c162505
_d162505